Biblioteca

Historia del Cristianismo en sus fuentes : Asia , África , América Latina (1450 - 1990) / Klaus Koschorke , Friefer Ludwing & Mariano Delgado (Registro nro. 44678)

Detalles MARC
000 -LÍDER
Campo fijo de descripción fija 009690000a22002410004500
020 ## - NÚMERO INTERNACIONAL NORMALIZADO PARA LIBROS
Número Internacional Normalizado del libro 978-84-9879-252-2
041 0# - CÓDIGO DE IDIOMA
Código de idioma para texto/pista de sonido o título separado
082 04 - NÚMERO DE CLASIFICACIÓN DECIMAL DEWEY
Número de clasificación G 270.6 K862h
001 - NÚMERO DE CONTROL
Campo de control 18209
100 1# - ASIENTO PRINCIPAL--NOMBRE PERSONAL
Nombre personal Koschorke, Klaus
245 10 - TÍTULO
Título del Material Historia del Cristianismo en sus fuentes : Asia , África , América Latina (1450 - 1990) / Klaus Koschorke , Friefer Ludwing & Mariano Delgado
260 ## - PUBLICACIÓN, DISTRIBUCIÓN, ETC. (PIE DE IMPRENTA)
Lugar de publicación, distribución, etc. Madrid, España : Trotta
300 ## - DESCRIPCIÓN FÍSICA
Extensión 470p.
336 ## - CONTENT TYPE
Content type term texto
Content type code txt
Source rdacontent
337 ## - MEDIA TYPE
Source rdamedia
Media type term sin mediación
Media type code n
338 ## - CARRIER TYPE
Source rdacarrier
Carrier type term volumen
Carrier type code nc
500 ## - NOTA GENERAL
Nota General Título original en Alemán: Aubereuropaische Christentumsgeschichte
501 ## - NOTA DE “CON”
Nota de Contenido rústico
505 00 - NOTA DE CONTENIDO
Nota de contenido con formato preestablecido Siglas y Abreviaturas - Prólogo - Asia - África - América Latina - índice de países y regiones - Índice onomástico - Índice analítico - Índice general
650 14 - ASIENTO SECUNDARIO DE MATERIA - TERMINO TEMÁTICO
Término temático o nombre geográfico como elemento de entrada IGLESIA - HISTORIA \ História del Cristianismo
942 ## - TIPO DE MATERIAL (KOHA)
Tipo de Item KOHA Libros General
Existencias
Estado de Material Estado de Perdido Estado de Dañado No para Préstamo Colección Tomo Biblioteca de Origen Biblioteca Permanente Fecha de Adquisición Total de Préstamos Total de Renovaciones Signatura Topográfica Código de Barras Última vez visto Última vez Préstado Ejemplar/Existencia Fecha de Remplazo Tipo de Material
        Colección General   Biblioteca FUSBC Biblioteca FUSBC 14/04/2014 2 1 G 270.6 K862h 18167 31/05/2023 24/05/2023 1 26/01/2016 Libros General

Biblioteca FUSBC | Teléfono: (57+4) 349 88 10 Ext. 141| WhatsApp (+57) 3005338115 
E-mail: biblioteca@unisbc.edu.co | Calle 76 87-14 Robledo Palenque, Medellín, Colombia

Con tecnología Koha